[One Piece] Membres du CP0 - Statistiques

Statistiques générales
  • Ce quiz a été pris 52 fois
  • Le résultat moyen est 11 sur 15
Statistiques - réponses
Par images Réponse % Correct
Rob Lucci
100%
Blueno
95%
Kaku
95%
Kalifa
95%
Stussy
92%
Jabura
87%
Spandam
87%
Fukuro
76%
Kumadori
68%
Hattori
66%
Funkfreed
63%
Guernica
47%
Joseph
29%
Maha
26%
Gismonda
24%
Aucun quiz correspondant
Distribution des résultats
% des personnes avec chaque résultat
Percentile par nombre de réponses
Votre historique - résultats
Vous n’avez pas pris ce quiz